Paramilitarismo Violencia y transformacin̤ social, polt̕ica y econm̤ica en Colombia /

Detalles Bibliográficos
Autor principal: Zelik, Raul
Formato: eBook
Lenguaje:español
Publicado: Bogot:̀ Siglo del Hombre Editores, 2015
Materias:
Acceso en línea:Acceso restringido

MARC

LEADER 00000nam a22000007a 4500
005 2021043007237.0
007 cr|||| ||||
008 210430s2015 co |||||s|||| 00||0 spa d
020 |a  978-958-665-344-2 
035 |a 33213 
040 |a vLex 
090 |c 11577  |d 11577 
100 1 |a Zelik, Raul 
245 1 0 |a Paramilitarismo  |h [Recurso electrn̤ico] :  |b Violencia y transformacin̤ social, polt̕ica y econm̤ica en Colombia /  |c Raul Zelik 
256 |a Servicio en ln̕ea 
260 |a Bogot:̀  |b Siglo del Hombre Editores,  |c 2015 
300 |a 1 recurso electrn̤ico 
500 |a Este estudio, que examina detenidamente los vn̕culos que existen entre la crisis del Estado, la economa̕ ilegal y la violencia extrema, espera contribuir a una lectura crt̕ica del conflicto armado en Colombia (y con ello tambiň a un debate sobre su verdad histr̤ica), as ̕como a la inclusin̤ del paramilitarismo en los debates internacionales sobre seguridad y conflictos armados, pues es un hecho que el olvido o la manipulacin̤ de la historiografa̕ son tan dramt̀icos como los crm̕enes de lesa humanidad que se cometen durante los conflictos. 
506 1 |a Disponible solo en los productos indicados  |d vLex Global  |d vLex Global (Academic Edition, excluding Law Schools)  |d vLex Global (U.S. Academic Edition, Law Schools)  |d vLex Global (U.S. Academic Edition, excluding Law Schools)  |d vLex Global (Academic Edition, Law Schools) 
650 0 4 |a Ciencias sociales  |z Colombia 
650 0 4 |a Humanidades  |z Colombia 
740 0 |a vLex Libros (Servicio en ln̕ea) 
856 4 0 |u https://vlex.com/source/paramilitarismo-violencia-y-transformacion-social-politica-y-economica-en-colombia-33213  |z Acceso restringido 
942 |c BOOK 
999 0 |a Social Sciences 
999 0 |a Humanities